000 01229cam a2200289 i 4500
001 16116
003 DO-SdUEMH
005 20251229171245.0
007 ta
008 211105s2000 dr |||gri||| 001 |dspa|d
020 _a9993481920
040 _aDO-SdUEMH
_bspa
_erda
041 _aspa
082 1 4 _aRD282.97273
_bR696c
_mRD
084 _b08-01006
100 _aRODRÍGUEZ MOREL, GENARO
_eaut
245 1 0 _aCartas de los cabildos eclesiásticos de Santo Domingo y Concepción de la Vega en el Siglo XVI /
_cGenaro Rodríguez Morel ; prólogo: Paulino Castañeda Delgado
260 _c2000
264 0 1 _aSanto Domingo, República Dominicana :
_bAmigo del hogar,
_c2000
300 _axxiii, 304 paginas ;
_c23 cm.
336 _2rdacontent
_atexto
_btxt
337 _2rdamedia
_asin mediación
_bn
338 _2rdacarrier
_avolumen
_bnc
505 _aPresentación / Nicolás de Jesús Cardenal López Rodríguez -- Prólogo / Paulino Castañeda Delgado -- Iglesia, economía y sociedad en La Española, siglo XVI / Genaro Rodríguez Morel -- En torno a las cartas -- Archivo General de Indias -- Índice onomástico -- Índice geográfico -- Índice temático. Observaciones técnicas.
942 _2ddc
_cBK
_n0
999 _c16116
_d16116